Statistics for 山陽新幹線が通過する市区町村

Click here to take the quiz!

General Stats

  • This quiz has been taken 314 times
  • The average score is 36 of 47

Answer Stats

自治体名% Correct
大阪市新大阪駅所在地
100%
姫路市姫路駅所在地
99%
岡山市岡山駅所在地
98%
神戸市新神戸駅所在地
98%
明石市西明石駅所在地
97%
広島市広島駅所在地
97%
福山市福山駅所在地
97%
倉敷市新倉敷駅所在地
97%
下関市新下関駅所在地
96%
北九州市小倉駅所在地
95%
山口市新山口駅所在地
95%
東広島市東広島駅所在地
95%
尼崎市
95%
福岡市博多駅所在地
95%
相生市相生駅所在地
95%
岩国市新岩国駅所在地
94%
尾道市新尾道駅所在地
93%
西宮市
92%
三原市三原駅所在地
91%
加古川市
90%
芦屋市
87%
周南市徳山駅所在地
83%
赤穂市
83%
廿日市市
81%
山陽小野田市厚狭駅所在地
80%
宇部市
78%
たつの市
77%
伊丹市
73%
笠岡市
69%
大竹市
69%
高砂市
68%
府中町
67%
備前市
66%
防府市
65%
瀬戸内市
65%
播磨町
62%
海田町
61%
竹原市
58%
総社市
56%
浅口市
53%
直方市
51%
熊野町
50%
宮若市
48%
下松市
47%
太子町(兵庫県)
45%
久山町
30%
鞍手町
24%

Score Distribution

Percentile by Number Answered

Percent of People with Each Score

Your Score History

You have not taken this quiz